| 000 | 00485nam a2200205Ia 4500 | ||
|---|---|---|---|
| 008 | 210210b2007 xxu||||| |||| 00| 0 eng d | ||
| 020 | _a8180521923 | ||
| 041 | _aeng | ||
| 082 | _a547 BHUO | ||
| 100 | _aBHUTANI (S P) | ||
| 245 | _aOrganic chemistry: Selected topics | ||
| 260 |
_aNew Delhi _bNot Mentioned _c2007 |
||
| 300 | _a321 | ||
| 650 | _atopics | ||
| 650 | _aSelected | ||
| 650 | _aOrganic | ||
| 650 | _achemistry: | ||
| 690 | _aOrganic Chemistry | ||
| 906 | _a062364 | ||
| 999 |
_c117399 _d117399 |
||